Bolivia : Request for Stand-By Arrangement.

This paper examines Bolivia's Request for a Stand-By Arrangement (SBA). The Bolivian authorities have focused their efforts on restoring economic and social stability, strengthening the banking and corporate sectors, and establishing the basis for sustained growth. In support of their economic...

Descripció completa

Dades bibliogràfiques
Autor corporatiu: International Monetary Fund
Format: Revista
Idioma:English
Publicat: Washington, D.C. : International Monetary Fund, 2003.
Col·lecció:IMF Staff Country Reports; Country Report ; No. 2003/179
Accés en línia:Full text available on IMF
LEADER 01665cas a2200241 a 4500
001 AALejournalIMF002525
008 230101c9999 xx r poo 0 0eng d
020 |c 5.00 USD 
020 |z 9781451805697 
022 |a 1934-7685 
040 |a BD-DhAAL  |c BD-DhAAL 
110 2 |a International Monetary Fund. 
245 1 0 |a Bolivia :   |b Request for Stand-By Arrangement. 
264 1 |a Washington, D.C. :  |b International Monetary Fund,  |c 2003. 
300 |a 1 online resource (93 pages) 
490 1 |a IMF Staff Country Reports 
500 |a <strong>Off-Campus Access:</strong> No User ID or Password Required 
500 |a <strong>On-Campus Access:</strong> No User ID or Password Required 
506 |a Electronic access restricted to authorized BRAC University faculty, staff and students 
520 3 |a This paper examines Bolivia's Request for a Stand-By Arrangement (SBA). The Bolivian authorities have focused their efforts on restoring economic and social stability, strengthening the banking and corporate sectors, and establishing the basis for sustained growth. In support of their economic program for 2003, the authorities have requested an SBA equivalent to 50 percent of quota (SDR 86 million). At the same time, the authorities continue to develop a broader set of medium-term structural reforms, for which they plan to seek support through an arrangement under the Poverty Reduction and Growth Facility as soon as possible. 
538 |a Mode of access: Internet 
830 0 |a IMF Staff Country Reports; Country Report ;  |v No. 2003/179 
856 4 0 |z Full text available on IMF  |u http://elibrary.imf.org/view/journals/002/2003/179/002.2003.issue-179-en.xml  |z IMF e-Library